Study of climate change adaptation and mitigation practices in differently managed rice agro ecosystem of Assam / (Record no. 67697)
[ view plain ]
| 000 -LEADER | |
|---|---|
| fixed length control field | 00651nam a22002177a 4500 |
| 005 - DATE AND TIME OF LATEST TRANSACTION | |
| control field | 20260107112918.0 |
| 008 - FIXED-LENGTH DATA ELEMENTS--GENERAL INFORMATION | |
| fixed length control field | 260107b |||||||| |||| 00| 0 eng d |
| 041 ## - LANGUAGE CODE | |
| Language code of text/sound track or separate title | eng |
| 082 ## - DEWEY DECIMAL CLASSIFICATION NUMBER | |
| Classification number | 570 |
| Item number | KAL |
| 100 ## - MAIN ENTRY--AUTHOR NAME | |
| Scholar | Kalita, Bedabati. |
| 245 ## - TITLE STATEMENT | |
| Title | Study of climate change adaptation and mitigation practices in differently managed rice agro ecosystem of Assam / |
| 260 ## - PUBLICATION, DISTRIBUTION, ETC. (IMPRINT) | |
| Year of publication | 2025. |
| Department | Environmental Biology and Wildlife Sciences |
| 300 ## - PHYSICAL DESCRIPTION | |
| Number of Pages | xiv ; 293p. |
| 650 ## - SUBJECT ADDED ENTRY--TOPICAL TERM | |
| Topical Term | Biology |
| 650 ## - SUBJECT ADDED ENTRY--TOPICAL TERM | |
| Topical Term | Environmental Sciences |
| 650 ## - SUBJECT ADDED ENTRY--TOPICAL TERM | |
| Topical Term | Life sciences |
| 650 ## - SUBJECT ADDED ENTRY--TOPICAL TERM | |
| Topical Term | Evolution (Biology) |
| 700 ## - ADDED ENTRY--Guide | |
| Guide | Borah, Leena. |
| 856 ## - ELECTRONIC LOCATION AND ACCESS | |
| Uniform Resource Identifier | <a href="https://shodhganga.inflibnet.ac.in/handle/10603/666700">https://shodhganga.inflibnet.ac.in/handle/10603/666700</a> |
| 942 ## - ADDED ENTRY ELEMENTS (KOHA) | |
| Koha item type | Thesis |
| Home library | Current library | Shelving location | Date acquired | Full call number | Accession Number | Koha item type |
|---|---|---|---|---|---|---|
| Dr. Suryya Kumar Bhuyan Library | Dr. Suryya Kumar Bhuyan Library | Thesis Section | 06/01/2026 | 570/KAL | PHD142 | Thesis |
